| 000 | 00470cam a2200193ua 4500 | ||
|---|---|---|---|
| 001 | 7856 | ||
| 008 | 141229n ii |||gr||||Z||||||ben | ||
| 040 | _cMAIN | ||
| 041 | _aben | ||
| 082 | _a370.15 | ||
| 100 |
_aBhattacharya, D., _eAuthor. |
||
| 245 | 1 |
_aManstattwa o sikshay mulyayan _cBy Durgadas Bhattacharya |
|
| 250 | _a1st. | ||
| 260 |
_aKolkatta: _bThe new, _c1965. |
||
| 300 | _a110p. | ||
| 653 | _aEducation | ||
| 653 | _aEducational psychology | ||
| 942 | _cBK | ||
| 999 |
_c6976 _d6976 |
||